000 01197nam a2200289 4500
001 0000016030
003 CO-CtgCURN
005 20250508191206.0
008 160627s1989 000 0 eng d
020 _a9682429242
040 _aCO-CtgCURN
_bspa
_ccoctgcurn
082 0 _a339.508
_bS752c
100 1 _aSchteingart, Martha.
245 1 4 _aLas ciudades latinoamericanas en la crisis :
_bproblemas y desafios /
_cMartha Schteingart.
260 _aMexico :
_bTrillas,
_c1989.
300 _a286 p.
336 _2rdacontent
337 _2rdamedia
_asin mediacion
_bn
338 _2rdacarrier
_avolumen
_bnc
500 _aIncluye indice onomastico.
504 _aIncluye bibliografia.
505 8 _aAnĂ¡lisis general.--Privatizacion de los ervicios publicos.--Los movimientos sociales urbanos en america latina.--Crisi y consecuencias urbanas.--Finanzas publicas en la ciudad de mexico.--Desarrollo economico.--Zonas Subdesarrolladas. Condiciones economicas.--El sector inmobiliario y la vivienda en crisis
650 0 _aDesarrollo economico.
908 _a160627
942 _cBK
_h339.508
_iS752c
_2ddc
_n0
999 _c18639
_d18639